00534nam a2200145Ia 4500003000900000008004100009020002600050040001600076100002400092245008400116260003200200300002000232490003300252856010300285IN-BaIIA211028s9999 xx s 000 0 eng d a9780819420183 (Print) cIIA Library aGerson, Donald, ed. 0a24th AIPR Workshop on Tools and Techniques for Modeling and Simulationh[eBook] aWashington, USAbSPIEc1996 aOnline resource aProceedings of SPIE; V. 2645 uhttps://www.spiedigitallibrary.org/conference-proceedings-of-spie/2645yClick Here to Access eBook